|
|
|
|
| LEADER |
01944nam a2200457 i 4500 |
| 001 |
EBC4179759 |
| 003 |
MiAaPQ |
| 005 |
20200520144314.0 |
| 006 |
m o d | |
| 007 |
cr cnu|||||||| |
| 008 |
160112t20162016gw o 000 0 ger d |
| 020 |
|
|
|z 9783110426830
|
| 020 |
|
|
|a 9783110424713 (e-book)
|
| 020 |
|
|
|z 9783110424843 (EPUB)
|
| 035 |
|
|
|a (MiAaPQ)EBC4179759
|
| 035 |
|
|
|a (Au-PeEL)EBL4179759
|
| 035 |
|
|
|a (CaPaEBR)ebr11123879
|
| 035 |
|
|
|a (CaONFJC)MIL876211
|
| 035 |
|
|
|a (OCoLC)932334048
|
| 040 |
|
|
|a MiAaPQ
|b eng
|e rda
|e pn
|c MiAaPQ
|d MiAaPQ
|
| 050 |
|
4 |
|a K1315
|b .F864 2016
|
| 082 |
0 |
|
|a 346.066
|2 23
|
| 245 |
0 |
0 |
|a 50 Jahre Aktiengesetz /
|c Holger Fleischer [and three others].
|
| 246 |
3 |
|
|a Funfzig Jahre Aktiengesetz
|
| 264 |
|
1 |
|a Berlin, Germany ;
|a Boston, [Massachusetts] :
|b De Gruyter,
|c 2016.
|
| 264 |
|
4 |
|c 2016
|
| 300 |
|
|
|a 1 online resource (361 pages).
|
| 336 |
|
|
|a text
|2 rdacontent
|
| 337 |
|
|
|a computer
|2 rdamedia
|
| 338 |
|
|
|a online resource
|2 rdacarrier
|
| 490 |
1 |
|
|a Zeitschrift fur Unternehmens- und Gesellschaftsrecht. Sonderheft ;
|v 19
|
| 588 |
|
|
|a Description based on online resource; title from PDF title page (ebrary, viewed January 11, 2016).
|
| 590 |
|
|
|a Electronic reproduction. Ann Arbor, MI : ProQuest, 2015. Available via World Wide Web. Access may be limited to ProQuest affiliated libraries.
|
| 650 |
|
0 |
|a Corporation law.
|
| 650 |
|
0 |
|a Stock companies.
|
| 655 |
|
4 |
|a Electronic books.
|
| 700 |
1 |
|
|a Fleischer, Holger,
|e author.
|
| 776 |
0 |
8 |
|i Print version:
|t 50 Jahre Aktiengesetz.
|d Berlin, Germany ; Boston, [Massachusetts] : De Gruyter, c2016
|h viii, 353 pages
|k Zeitschrift fur Unternehmens- und Gesellschaftsrecht. Sonderheft ; 19.
|z 9783110426830
|
| 797 |
2 |
|
|a ProQuest (Firm)
|
| 830 |
|
0 |
|a Zeitschrift fur Unternehmens- und Gesellschaftsrecht.
|p Sonderheft ;
|v 19.
|
| 856 |
4 |
0 |
|u https://ebookcentral.proquest.com/lib/matrademy/detail.action?docID=4179759
|z Click to View
|